Missing Word: 'J' Movies Quiz Stats

Quiz Updated Oct 3, 2016

Challenge
Share
Tweet
Embed
Score 0/22 Timer 03:00
0 Plays Today
Movie Missing Word % Correct
Indiana ______ and the Last CrusadeJones
98.9%
Born on the Fourth of ______July
98%
Romeo and ______Juliet
97.8%
Star Wars Episode VI: Return of the ______Jedi
97.1%
______ to the Center of the EarthJourney
95.7%
______ and the Giant PeachJames
92.6%
______ MaguireJerry
92.1%
Being ______ MalkovichJohn
91.2%
Full Metal ______Jacket
90.1%
______ EyreJane
89%
Dr. ______ and Mr. HydeJekyll
82.2%
Movie Missing Word % Correct
______ ParkJurassic
79%
The ______ BookJungle
76.8%
______ and the PussycatsJosie
75.8%
______ and the ArgonautsJason
69.9%
______ Luck ClubJoy
66.5%
The ______ SingerJazz
60.1%
______ and Silent Bob Strike BackJay
59.3%
The ______ of the NileJewel
58.8%
______ GirlJersey
58.1%
______ RockJailhouse
48.3%
______ at NurembergJudgment
33.9%

Today's Daily Dose

You're not logged in!

Compare scores with friends on all Sporcle quizzes.
Sign Up with Email
OR
Log In

You Might Also Like...

Show Comments

Extras

Top Quizzes Today


Score Distribution

Your Account Isn't Verified!

In order to create a playlist on Sporcle, you need to verify the email address you used during registration. Go to your Sporcle Settings to finish the process.